Leader xxxxxxxxxx
001 __ PCLIS00034662
005 __ 20230324133747.0
009 __ |a(CIP)93005660
010 0_ |a957-455-661-1|b平裝|dNT$220
100 __ |a20040402d2004 m y0chiy09 e
101 1_ |achi|cjpn
102 __ |atw
105 __ |aa z 000ay
200 1_ |a到處存在的場所 到處不存在的我|f村上龍著|g張致斌譯
205 __ |a初版
210 __ |a臺北市|c大田|d2004(民93)
211 __ |a0404
215 0_ |a174面|c圖|d20公分
225 1_ |a智慧田|v56
260 1_ |a2004
300 __ |a作者號由t038取自譯者,由t037延用並更換彩色書標,由t561改回作者
606 __ |2cst|a短篇小說
681 __ |a861.57|b8353
681 __ |a861.57|b8772 93
700 _1 |a村上|b龍|f1952- |4著
702 _1 |a張|b致斌|f1966- |4譯
801 _0 |atw|bCIP|c20040402|gCCR
801 _1 |atw|b內湖高中|c20040920|gCCR
801 _2 |atw|b內湖高中|c20230324|gCCR
|